All capitals of the Philippines - Statistics

General Stats
  • This quiz has been taken 108 times
  • The average score is 56 of 81
Answer Stats
Hint Answer % Correct
Metro Manila Manila
87%
Palawan Puerto Princesa
80%
Rizal Antipolo
78%
Cebu Cebu City
78%
Albay Legazpi
78%
Aurora Baler
77%
Abra Bangued
77%
Batangas Batangas City
77%
Aklan Kalibo
77%
Dinagat Islands San Jose
77%
Iloilo Iloilo City
75%
Sulu Jolo
73%
Quezon Lucena
73%
Bulacan Malolos
73%
Leyte Tacloban
73%
Bohol Tagbilaran
73%
Ilocos Sur Vigan
73%
Negros Occidental Bacolod
72%
Negros Oriental Dumaguete
72%
Zambales Iba
72%
Cavite Imus
72%
Benguet La Trinidad
72%
Capiz Roxas
72%
La Union San Fernando
72%
Pampanga San Fernando
72%
Tarlac Tarlac City
72%
Catanduanes Virac
72%
Batanes Basco
70%
Agusan del Norte Cabadbaran
70%
Misamis Oriental Cagayan de Oro
70%
Camarines Norte Daet
70%
Ilocos Norte Laoag
70%
Masbate Masbate City
70%
Agusan del Sur Prosperidad
70%
Cagayan Tuguegarao
70%
Marinduque Boac
68%
Quirino Cabarroguis
68%
Basilan Isabela
68%
Guimaras Jordan
68%
Cotabato Kidapawan
68%
South Cotabato Koronadal
68%
Pangasinan Lingayen
68%
Bukidnon Malaybalay
68%
Lanao del Sur Marawi
68%
Zamboanga del Sur Pagadian
68%
Nueva Ecija Palayan
68%
Camarines Sur Pili
68%
Romblon Romblon
68%
Antique San Jose de Buenavista
68%
Siquijor Siquijor
68%
Sorsogon Sorsogon City
68%
Bataan Balanga
67%
Nueva Vizcaya Bayombong
67%
Eastern Samar Borongan
67%
Oriental Mindoro Calapan
67%
Northern Samar Catarman
67%
Samar Catbalogan
67%
Davao del Sur Digos
67%
Zamboanga del Norte Dipolog
67%
Isabela Ilagan
67%
Sultan Kudarat Isulan
67%
Davao Oriental Mati
67%
Biliran Naval
67%
Laguna Santa Cruz
67%
Surigao del Norte Surigao City
67%
Davao del Norte Tagum
67%
Sarangani Alabel
65%
Mountain Province Bontoc
65%
Ifugao Lagawe
65%
Southern Leyte Maasin
65%
Occidental Mindoro Mamburao
65%
Compostela Valley Nabunturan
65%
Misamis Occidental Oroquieta
65%
Kalinga Tabuk
65%
Surigao del Sur Tandag
65%
Lanao del Norte Tubod
65%
Zamboanga Sibugay Ipil
63%
Apayao Kabugao
63%
Camiguin Mambajao
63%
Tawi-Tawi Bongao
60%
Maguindanao Shariff Aguak
58%
No matching quizzes found
Score Distribution
Percent of People with Each Score
Percentile by Number Answered
Your Score History
You have not taken this quiz